000 nam a22 7a 4500
999 _c7720
_d7720
008 171003b xxu||||| |||| 00| 0 eng d
100 _aKapur J.N
_94204
245 _aFascinating world of mathematical sciences
260 _aNew Delhi
_bMathematics science trust society